00670nam a2200205 a 450000100100000000500170001000800410002702000180006804000250008608200170011110000460012824500560017426000350023030000280026549000250029350400740031865000210039265000260041383000250043900001599720200929164230.0100223s2008 dr a r 000 d spa d a9789945408157 aDO-SdBNPbspacBNPHU a862.3bC146v1 aCalderón de la Barca, Pedro,d1600-168113aLa vida es sueño /cPedro Calderón de la Barca. aSanto Domingo :bArgos,c2008. a110 p. :bil. ;c21 cm.1 aLiteratura Universal aIncluye referencias bibliográficas y notas al pie de las páginas. 4aTeatro español 4aLiteratura española 0aLiteratura Universal